[Event "A64 Open"]
[Site "Olomouc CZE"]
[Date "2000.08.09"]
[Round "8"]
[White "Bylino,O"]
[Black "Krupa,K"]
[Result "0-1"]
[WhiteElo "2264"]
[BlackElo "2081"]

1.e4 c5 2.Nf3 Nc6 3.Nc3 g6 4.d4 cxd4 5.Nxd4 Bg7 6.Be3 Nf6 7.f3 O-O 8.Qd2 d5
9.exd5 Nxd5 10.Nxc6 bxc6 11.Rd1 Qc7 12.Nxd5 cxd5 13.Qxd5 Be6 14.Qc5 Qxc5
15.Bxc5 Bxb2 16.Kd2 Bf6 17.a4 Rfc8 18.Be3 Bc3+ 19.Kc1 Bb4 20.Ba6 Rc6 21.Bb5 Ba3+
22.Kb1 Rcc8 23.Bf4 a6 24.Bd3 Rc6 25.Ka1 Rac8 26.Bc1 Bd6 27.Bb2 Rb8 28.Rde1 Rb4
29.Re4 Rb8 30.Bd4  0-1

[Event "Mipap Cup"]
[Site "Olomouc CZE"]
[Date "2000.08.09"]
[Round "10"]
[White "Sluka,R"]
[Black "Navara,D"]
[Result "0-1"]
[WhiteElo "2302"]
[BlackElo "2433"]

1.e4 c5 2.Nc3 Nc6 3.Nge2 g6 4.d4 cxd4 5.Nxd4 Bg7 6.Be3 Nf6 7.Bc4 O-O 8.Bb3 Qa5
9.f3 d5 10.exd5 Nb4 11.Qd2 Nbxd5 12.Nxd5 Qxd2+ 13.Kxd2 Nxd5 14.Bxd5 Rd8 15.Bb3 Bxd4
16.Bxd4 Rxd4+ 17.Ke3 Rd8 18.Rhd1 Bd7 19.Rd4 Bc6 20.Rad1 Rxd4 21.Rxd4 Rc8
22.c4 Kf8 23.Bc2 e5 24.Rd2 f5 25.b4 Ke7 26.c5 a5 27.bxa5 Ra8 28.Bb3 Rxa5
29.Rc2 g5 30.Kf2 h5 31.Rc1 g4 32.Rc3 Kf6 33.Kg3 Kg5 34.h4+ Kf6 35.Kf2 f4
36.Ke2 e4 37.fxe4 Bxe4 38.Kf2 Ke5 39.g3 Ra8 40.c6 bxc6 41.Rc5+ Bd5 42.gxf4+ Kxf4
43.Bxd5 cxd5 44.Rxd5 Rxa2+ 45.Kf1 Kg3 46.Rxh5 Kh2 47.Rg5 g3 48.h5 g2+ 49.Rxg2+ Rxg2
50.h6 Rg6  0-1

[Event "TCh-ESP"]
[Site "Barcelona ESP"]
[Date "2000.08.10"]
[Round "6"]
[White "Pareja,J"]
[Black "Garcia Romero,B"]
[Result "1/2-1/2"]
[WhiteElo "2145"]
[BlackElo "2138"]

1.e4 c5 2.Nc3 Nc6 3.Nf3 g6 4.d4 cxd4 5.Nxd4 Bg7 6.Be3 Nf6 7.Be2 O-O 8.O-O d5
9.exd5 Nb4 10.Qd2 Nbxd5 11.Nxd5 Nxd5 12.Bh6 e5 13.Bxg7 Kxg7 14.Nb3 Nf4 15.Bf3 Qg5
16.Kh1 Rd8 17.Qe3 Ne6 18.Rad1 Qxe3 19.fxe3 f5 20.Bd5 Nc7 21.Bf3 Rxd1 22.Rxd1 e4
23.Be2 Be6 24.c4 b6 25.Nd4 Kf6 26.Kg1 Rd8 27.b3 a6 28.Kf2 Bf7 29.g4 fxg4
30.Bxg4 h5 31.Nc6 Rxd1 32.Bxd1 b5 33.cxb5 axb5 34.Be2 Be8 35.Nd4 Kg5 36.Bd1 Nd5
37.Bc2 Nc3 38.a3 Kg4 39.Kg2 Bd7 40.b4 Kh4 41.Bb3 Bh3+ 42.Kf2 Bg4 43.Bc2 Kh3
44.Kg1 h4 45.Nxb5 Nxb5 46.Bxe4 Bf5 47.Bg2+ Kg4 48.a4 Nc3 49.a5 Bd3 50.Bb7 Kf5
51.a6 Nb5 52.Kf2 Na7 53.Kf3 g5 54.e4+ Kf6 55.Ke3 Bf1 56.Kd4 g4 57.e5+ Ke7
58.Ke3 Kd7 59.Kf4 Bh3 60.Be4 Ke7 61.Bf5 Bf1 62.Kxg4 Bxa6 63.Kxh4 Nc6 64.Kg5 Nxe5
65.Be4 Kf7  1/2-1/2

[Event "FSGM August"]
[Site "Budapest HUN"]
[Date "2000.08.10"]
[Round "6"]
[White "Fogarasi,T"]
[Black "Szabolcsi,J"]
[Result "1-0"]
[WhiteElo "2456"]
[BlackElo "2411"]

1.e4 c5 2.Nf3 Nc6 3.Nc3 a6 4.d4 cxd4 5.Nxd4 e6 6.Be2 Nf6 7.O-O Qc7 8.a3 Nxd4
9.Qxd4 Bc5 10.Qd3 h5 11.h3 b5 12.Be3 Bb7 13.Bxc5 Qxc5 14.Rad1 O-O-O 15.b4 Qc6
16.Bf3 Qc7 17.Rfe1 d6 18.a4 bxa4 19.b5 Nd7 20.bxa6 Bc6 21.Qd4 Nc5 22.Be2 Qa5
23.e5 Nxa6 24.Qa7 Bb7 25.Rb1  1-0

[Event "Mipap Cup"]
[Site "Olomouc CZE"]
[Date "2000.08.10"]
[Round "11"]
[White "Nicholson,JG"]
[Black "Calzetta,M"]
[Result "1/2-1/2"]
[WhiteElo "2204"]
[BlackElo "2282"]

1.e4 c5 2.Nc3 Nc6 3.Nge2 g6 4.d4 cxd4 5.Nxd4 Bg7 6.Be3 Nf6 7.Bc4 O-O 8.Bb3 d6
9.h3 Nxd4 10.Bxd4 b5 11.O-O Bb7 12.Qd3 a5 13.Rfe1 a4 14.Bd5 Nxd5 15.exd5 Bxd4
16.Qxd4 Rc8 17.a3 Rc5 18.Re3 f6 19.Rae1  1/2-1/2

[Event "Lost Boys Open"]
[Site "Amsterdam NED"]
[Date "2000.08.11"]
[Round "1"]
[White "Bertholee,R"]
[Black "Byklum,B"]
[Result "1-0"]
[WhiteElo "2343"]
[BlackElo "2127"]

1.e4 c5 2.Nc3 Nc6 3.Nf3 e6 4.Bb5 Nge7 5.O-O a6 6.Bxc6 Nxc6 7.d4 cxd4 8.Nxd4 Qc7
9.Re1 Bb4 10.Qg4 g6 11.Nxc6 Qxc6 12.e5 Bxc3 13.bxc3 Qxc3 14.Bg5 f5 15.Qh4 d5
16.Rac1 b5 17.Bf6 O-O 18.Re3 Qc7 19.Rg3 Qf7 20.Qh6  1-0

[Event "TCh-ESP"]
[Site "Barcelona ESP"]
[Date "2000.08.11"]
[Round "7"]
[White "Hamdouchi,H"]
[Black "Morovic Fernandez,I"]
[Result "1/2-1/2"]
[WhiteElo "2541"]
[BlackElo "2608"]

1.e4 c5 2.Nc3 Nc6 3.Nge2 Nf6 4.d4 cxd4 5.Nxd4 e5 6.Ndb5 d6 7.Bg5 a6 8.Na3 Be6
9.Nc4 Rc8 10.Nd5 Bxd5 11.exd5 Ne7 12.Bxf6 gxf6 13.c3 Bg7 14.Ne3 f5 15.Qh5 Qb6
16.Be2 O-O 17.O-O e4 18.Qg5 Rce8 19.Rab1 h6 20.Qf4 Qc7 21.Nxf5 Nxf5 22.Qxf5 Re5
23.Qf4 f5 24.Qd2 f4 25.Bg4 Kh8 26.Rfe1 Qe7 27.f3 Qg5 28.Qe2 exf3  1/2-1/2

[Event "TCh-ESP"]
[Site "Barcelona ESP"]
[Date "2000.08.11"]
[Round "7"]
[White "Alcazar Jimenez,V"]
[Black "Estremera Panos,S"]
[Result "0-1"]
[WhiteElo "2237"]
[BlackElo "2364"]

1.e4 c5 2.Nc3 Nc6 3.Bb5 g6 4.Bxc6 bxc6 5.d3 Bg7 6.f4 d6 7.Nf3 Nf6 8.O-O O-O
9.Qe1 Nd7 10.f5 e6 11.Bg5 f6 12.Be3 exf5 13.exf5 Re8 14.Qd2 Rb8 15.b3 Nf8
16.fxg6 hxg6 17.Bh6 Qa5 18.Bxg7 Kxg7 19.Ne4 Qxd2 20.Nfxd2 Re6 21.Rae1 Ba6
22.Kf2 Nd7 23.Nc3 Ne5 24.Re4 Rb4 25.a3 Rxe4 26.Ndxe4 Ng4+ 27.Kg3 Ne3 28.Rf2 Nf5+
29.Kh3 Nd4 30.Ne2 Rxe4 31.dxe4 Nxe2 32.Kg4 Kf7 33.Kf3 Nd4+ 34.Ke3 Nb5 35.a4 Nc7
36.h4 Bc8 37.Kf4 Ne6+ 38.Ke3 Nf8 39.Rd2 Ke6 40.Kf4 Nh7 41.g3 Nf8 42.Rd1 Ke7
43.c3 Nd7 44.g4 Ne5 45.g5 fxg5+ 46.hxg5 Be6 47.Rb1 a5 48.Ke3 Ng4+ 49.Kf3 Ne5+
50.Kf4 Bf7 51.Ke3 d5 52.exd5 cxd5 53.Rf1 Be6 54.Rh1 Nc6 55.Rh7+ Kd6 56.Kd2 d4
57.Rb7 Bf5 58.Rb5 Be4 59.cxd4 cxd4 60.b4 axb4 61.a5 Ne5 62.Rxb4 Kc5 63.Rb8 Nc4+
64.Kd1 Nxa5 65.Rc8+ Kd5 66.Rd8+ Ke5 67.Rf8 Nc4 68.Rc8 Ne3+ 69.Ke2 Kf4 70.Rc5 Nf5
71.Rc4 Kxg5 72.Rc1 Kf4 73.Rf1+ Ke5 74.Ra1 Nd6 75.Ra5+ Kf4 76.Ra1 d3+ 77.Kf2 Bf3  0-1

[Event "TCh-ESP"]
[Site "Barcelona ESP"]
[Date "2000.08.12"]
[Round "8"]
[White "Arizmendi Martinez,J"]
[Black "San Segundo Carrillo,P"]
[Result "1/2-1/2"]
[WhiteElo "2456"]
[BlackElo "2500"]

1.e4 c5 2.Nf3 Nc6 3.Nc3 e5 4.Bc4 Be7 5.d3 d6 6.Nd2 Nf6 7.Nf1 Bg4 8.f3 Be6
9.Ne3 O-O 10.O-O Rb8 11.a3 a6 12.Ncd5 b5 13.Ba2 Nd7 14.c3 Bg5 15.g3 Bxe3+
16.Bxe3 Ne7 17.Bg5 Bxd5 18.Bxd5 h6 19.Bxe7 Qxe7 20.Rf2 Nb6 21.Ba2 Rbd8 22.f4 d5  1/2-1/2

[Event "4th Open"]
[Site "Genova ITA"]
[Date "2000.08.12"]
[Round "7"]
[White "Dervishi,E"]
[Black "Grigore,G"]
[Result "0-1"]
[WhiteElo "2478"]
[BlackElo "2508"]

1.e4 c5 2.Nf3 Nc6 3.Nc3 e5 4.Bc4 Be7 5.d3 Nf6 6.Nd2 d6 7.Nf1 Bg4 8.f3 Be6
9.Ne3 O-O 10.O-O Rb8 11.a4 Nb4 12.Ncd5 Nbxd5 13.exd5 Bc8 14.f4 exf4 15.Rxf4 g6
16.d4 b6 17.Be2 Nd7 18.Ra3 Bg5 19.Rf1 cxd4 20.Qxd4 Ne5 21.Nc4 Bxc1 22.Rxc1 Ba6
23.Nxd6 Qf6 24.Qd2 Qxd6 25.Bxa6 Ng4 26.g3 Qc5+ 27.Kh1 Nf2+ 28.Kg2 Ne4 29.Qd3 Qf2+
30.Kh1 Nc5 31.Qf1 Qd4 32.Bc4 Qxb2 33.Rf3 Ne4 34.Rd1 Nd6 35.Bb3 Rbd8 36.Qd3 Rfe8
37.Rdf1 Re7 38.Re3 Rde8 39.Qc3 Qxc3 40.Rxc3 Rd8 41.Rc6 Nb7 42.Ba2 Kg7 43.Kg2 Rdd7
44.Kf3 Na5 45.Rc3 Rd6 46.Rf2 Nb7 47.Rd2 Nc5 48.Rd4 a5 49.Re3 Rxe3+ 50.Kxe3 f5
51.g4 Kf6 52.gxf5 Kxf5 53.Rh4 Rd7 54.Bc4 Re7+ 55.Kf3 Ke5 56.Ba2 Rf7+ 57.Ke3 h5
58.Bc4 Rf6 59.Ba2 Rf1 60.Bc4 Re1+ 61.Kd2 Re4 62.Rxe4+ Nxe4+ 63.Ke3 g5 64.Be2 g4
65.Bd3 Nc3 66.Bg6 Nxd5+ 67.Kf2 h4 68.Bf7 Nc3 69.Be8 Kd4 70.Bd7 Ne4+ 71.Ke2 Nf6
72.Bf5 Kc5 73.Ke3 Kb4 74.Kf4 Kxa4 75.Kg5 g3 76.hxg3 hxg3 77.Bh3 Nd5 78.Kg4 g2  0-1

[Event "4th ch-Arab"]
[Site "Beirut LEB"]
[Date "2000.08.13"]
[Round "8"]
[White "Al Modiahki,M"]
[Black "Doghri,N"]
[Result "1-0"]
[WhiteElo "2499"]
[BlackElo "2342"]

1.e4 c5 2.Nf3 Nc6 3.Nc3 e5 4.Bc4 g6 5.d3 Bg7 6.Ng5 Nh6 7.O-O O-O 8.f4 exf4
9.Bxf4 Ne5 10.Bd5 Kh8 11.Qd2 d6 12.h3 Rb8 13.Nf3 Nxf3+ 14.Rxf3 Ng8 15.Nb5 Be5
16.Bxe5+ dxe5 17.Rxf7 Rxf7 18.Bxf7 Bd7 19.Nc3 Qh4 20.Rf1 Rf8 21.Rf2 b6 22.Bxg8 Rxg8
23.Nd5 Bc6 24.Nf6 Rd8 25.Ng4 Qe7 26.Qh6 Rg8 27.b3 Rd8 28.Nxe5  1-0

[Event "4th Open"]
[Site "Halkida GRE"]
[Date "2000.08.14"]
[Round "5"]
[White "Petraki,M"]
[Black "Mastrokoukos,G"]
[Result "0-1"]
[WhiteElo "2114"]
[BlackElo "2374"]

1.e4 c5 2.Nc3 Nc6 3.Bb5 Nd4 4.Nf3 Nxb5 5.Nxb5 a6 6.Nc3 d6 7.d4 cxd4 8.Qxd4 e5
9.Qd3 h6 10.O-O Nf6 11.a4 Be7 12.Be3 Be6 13.a5 O-O 14.Bb6 Qc8 15.Rfd1 Nh5
16.Nd5 Bxd5 17.Qxd5 Nf4 18.Qb3 Kh8 19.Be3 Nxg2 20.Kxg2 Qg4+ 21.Kf1 Qxf3 22.Qxb7 Bh4
23.Qd5 Rab8 24.b3 f5 25.exf5 e4 26.Qd4 Rxf5 27.Ke1 Bf6 28.Qa7 Bc3+ 29.Kf1 Rbf8
30.Rac1 Qh1+ 31.Ke2 Rxf2+  0-1

[Event "4th Open"]
[Site "Halkida GRE"]
[Date "2000.08.15"]
[Round "6"]
[White "Istratescu,A"]
[Black "Khamrakulov,I"]
[Result "1-0"]
[WhiteElo "2578"]
[BlackElo "2359"]

1.e4 c5 2.Nf3 Nc6 3.Nc3 Qc7 4.g3 Nf6 5.Bg2 Nd4 6.O-O d6 7.Nxd4 cxd4 8.Ne2 e5
9.d3 Be7 10.c3 dxc3 11.Nxc3 O-O 12.d4 Qb6 13.d5 Bd7 14.h3 a5 15.Qe2 Qa6 16.Qxa6 Rxa6
17.Be3 b5 18.Rfc1 Rb8 19.Bf1 Raa8 20.f3 Bd8 21.Nd1 Kf8 22.Kg2 Nh5 23.Nf2 g6
24.f4 exf4 25.gxf4 Bb6 26.Bxb6 Rxb6 27.Rc7 Bc8 28.Kf3 Bb7 29.Rd1 Nf6 30.Ke3 Ne8
31.Rcc1 b4 32.Bc4 Ng7 33.Kd4 Nh5 34.Nd3 Re8 35.Re1 Ng3 36.Nf2 Nh5 37.e5 Nxf4
38.exd6 Rd8 39.Ne4 b3 40.axb3 Rb4 41.Nf6 Kg7 42.Re4 Nxd5 43.Nxd5 Rxd6 44.Re5 f6
45.Re7+ Kh6 46.Kc3 Bxd5 47.Rd1 Bxc4 48.Rxd6 Bg8 49.Rd8 Rxb3+ 50.Kc2 Bc4 51.Re4 Bf7
52.Rh4+ Kg5 53.Rxh7 Rb7 54.Kc1 Rc7+ 55.Kd2 f5 56.h4+ Kg4 57.Rf8 Rd7+ 58.Ke1 Be6
59.Rxd7 Bxd7 60.Rg8 Kh5 61.Kf2 a4 62.Kg3 Kh6 63.Kf4 Be6 64.Rh8+ Kg7 65.Ra8 Bb3
66.Kg5 f4 67.Ra7+ Kf8 68.Kxf4 Bc2 69.Kg5 Kg8 70.Kf6 Kh8 71.Rc7  1-0

[Event "ECh-u20"]
[Site "Aviles ESP"]
[Date "2000.08.16"]
[Round "1"]
[White "Moreno Tejera,E"]
[Black "Guseinov,K"]
[Result "1-0"]
[WhiteElo "2139"]
[BlackElo "2421"]

1.e4 c5 2.Nc3 Nc6 3.Bb5 g6 4.Bxc6 bxc6 5.d3 Bg7 6.Nge2 Nf6 7.Be3 d6 8.Qd2 Ng4
9.Bg5 f6 10.Bh4 e5 11.h3 Nh6 12.f4 O-O 13.fxe5 dxe5 14.Bf2 Qa5 15.Qe3 Qb4
16.Qxc5 Qb7 17.Qc4+ Kh8 18.Na4 f5 19.Bc5 Re8 20.Ba3 Nf7 21.O-O-O Rb8 22.Nc5 Qe7
23.Nb3 Qg5+ 24.Kb1 Be6 25.Qxc6 Qxg2 26.Nc3 Rbd8 27.Qb7 fxe4 28.Rdg1 Qf2 29.Rf1 Qh4
30.Nxe4 Ng5 31.Be7 h6 32.Rhg1 Rb8 33.Qxa7 Bxh3 34.Rh1 Ra8 35.Qe3 Rxe7 36.Nxg5 Qxg5
37.Qxg5 hxg5 38.Rxh3+ Kg8 39.Rg3 e4 40.dxe4 Rxe4 41.Rxg5 Re6 42.Nc5 Rb6 43.Nd3 Rab8
44.b3 Ra8 45.Rg4 Rc6 46.a4 Bc3 47.Nf4 Rf8 48.Rfg1 Kf7 49.Nxg6 Re8 50.Nf4 Bd4
51.Rd1 Re4 52.Ne6  1-0

[Event "ch-FRA Pool B"]
[Site "Vichy FRA"]
[Date "2000.08.16"]
[Round "2"]
[White "Fressinet,L"]
[Black "Bauer,Ch"]
[Result "1/2-1/2"]
[WhiteElo "2536"]
[BlackElo "2562"]

1.e4 c5 2.Nc3 Nc6 3.Nf3 g6 4.Bb5 Bg7 5.O-O e5 6.Bxc6 bxc6 7.d3 d6 8.Nd2 Ne7
9.Nc4 O-O 10.f4 exf4 11.Bxf4 d5 12.Ne5 Be6 13.Kh1 Rb8 14.Qc1 Qb6 15.b3 Rbe8
16.Na4 Qb4 17.a3 Qa5 18.Qe1 Qxe1 19.Raxe1 dxe4 20.dxe4 Bxe5 21.Bxe5 c4 22.b4 Nc8
23.Nc5 Rd8 24.Rf2 Nb6 25.Bf6 Ra8 26.Rd1 a5 27.Rd6 axb4 28.axb4 Na4 29.Nxe6 fxe6
30.Rxe6 c5 31.Re7 Rf7 32.Rxf7 Kxf7 33.bxc5 Rc8 34.Bd4+ Ke7 35.Kg1 Nxc5 36.Kf1 Nxe4
37.Re2 Kd6 38.Rxe4 Kd5 39.Rh4 g5 40.Rg4 h5 41.Rxg5+ Kxd4 42.Rg3 c3 43.Ke2 Re8+
44.Kd1 Re5 45.Rh3 Rg5 46.Rd3+ Kc4 47.g3 Re5 48.Rf3 Rd5+ 49.Kc1 Re5 50.Rf4+ Kc5
51.Kb1 Re2 52.Rh4 Rg2 53.h3 Kb5 54.Ka2 Rxc2+ 55.Kb3 Rg2 56.Rxh5+ Kc6 57.Rg5 c2
58.Kb2 Kd6 59.h4 Ke6 60.g4 Kf6 61.Rf5+ Kg7 62.Rf4 Rh2 63.g5 Kg6 64.Rf6+ Kg7
65.Rh6 Rg2 66.Kc1 Rh2 67.h5 Rg2 68.Rg6+ Kh7  1/2-1/2

[Event "Lost Boys Open"]
[Site "Amsterdam NED"]
[Date "2000.08.17"]
[Round "7"]
[White "Solleveld,M"]
[Black "Berkvens,J"]
[Result "1-0"]
[WhiteElo "2426"]
[BlackElo "2364"]

1.e4 c5 2.Nc3 Nc6 3.Nf3 d6 4.d4 cxd4 5.Nxd4 Nf6 6.Bg5 Bd7 7.Be2 Rc8 8.O-O Nxd4
9.Qxd4 Qa5 10.Be3 Bc6 11.b4 Qe5 12.Qxe5 dxe5 13.Bxa7 e6 14.a3 Bd7 15.Nb5 Rxc2
16.Bd3 Rd2 17.Rfd1 Rxd1+ 18.Rxd1 Be7 19.Bb8 O-O 20.Bxe5 Rd8 21.Bf1 Bxb5 22.Rxd8+ Bxd8
23.Bxb5 Nxe4 24.Bd3 Nf6 25.Kf1 Nd5 26.Be4 f6 27.Bd4 Kf7 28.g4 g6 29.Ke2 Bc7
30.h4 b5 31.Kf1 Bb6 32.Bxb6 Nxb6 33.Bd3 e5 34.Bxb5 Ke6 35.Ke2 Kd5 36.Ke3 f5
37.f3 e4 38.fxe4+ fxe4 39.a4 Ke5 40.Bc6 Nc4+ 41.Ke2 h5 42.gxh5 gxh5 43.a5  1-0

[Event "Lost Boys Open"]
[Site "Amsterdam NED"]
[Date "2000.08.18"]
[Round "8"]
[White "Van der Wiel,J"]
[Black "Bosch,Je"]
[Result "1/2-1/2"]
[WhiteElo "2531"]
[BlackElo "2405"]

1.e4 c5 2.Nc3 Nc6 3.Nf3 e5 4.Bc4 Be7 5.d3 Nf6 6.O-O d6 7.h3 O-O 8.a4 h6 9.Nh2 Be6
10.Bxe6 fxe6 11.Ne2 Nh5 12.c3 Nf4 13.Bxf4 exf4 14.d4 d5 15.exd5 Qxd5 16.dxc5 Rad8
17.Qxd5 Rxd5 18.Rfd1 Re5 19.Kf1 Bxc5 20.Nf3 Ref5 21.b4 Bb6 22.a5 Bc7 23.Ned4 Nxd4
24.Nxd4 R5f6 25.Nb5 Be5 26.a6 bxa6 27.Rxa6 f3 28.g3 Rf5 29.Rxe6 Rh5 30.h4 Bf6
31.Nd4 Rd8 32.Re3 Bxd4 33.Red3 Rc8 34.cxd4 Rd5 35.Rxf3 Rc4 36.Re1 Rcxd4 37.Re7 Rd7
38.Re8+ Kh7 39.Rb8 Rd8 40.Rb5 R8d5 41.Ra5 Rxa5 42.bxa5 Rd5 43.Ra3 a6 44.Ke2 h5
45.Ke3 Kg6 46.Ke4 Rb5 47.f3  1/2-1/2

[Event "ch-ESP"]
[Site "Barcelona ESP"]
[Date "2000.08.18"]
[Round "1"]
[White "Fernandez Palacio,E"]
[Black "Franco Ocampos,Z"]
[Result "0-1"]
[WhiteElo "2087"]
[BlackElo "2512"]

1.e4 c5 2.Nf3 Nc6 3.Nc3 e6 4.g3 Nf6 5.Bg2 d5 6.exd5 exd5 7.O-O d4 8.Re1+ Be7
9.Ne4 Nxe4 10.Rxe4 Bf5 11.Re1 O-O 12.d3 Qb6 13.Bd2 h6 14.a3 a5 15.Bf4 g5
16.Be5 Qd8 17.h3 Be6 18.g4 a4 19.Bg3 Ra6 20.Nd2 b5 21.f4 c4 22.Qf3 c3 23.bxc3 dxc3
24.Ne4 Ne5 25.Qd1 f5 26.Nxc3 fxg4 27.fxg5 Nf3+ 28.Bxf3 Rxf3 29.Ne4 Bxg5 30.Kg2 gxh3+
31.Kh2 Bg4 32.Qb1 Bd7 33.Qa2+ Be6 34.Qb2 Rc6 35.Re2 Qd5 36.Rae1 Bf7 37.Kxh3 Rg6
38.Kh2 Bf4 39.Rg2 Qh5+ 40.Kg1 Qd5 41.Kh2  0-1

[Event "Open"]
[Site "Polanica Zdroj POL"]
[Date "2000.08.18"]
[Round "2"]
[White "Gaponenko,I"]
[Black "Socko,B"]
[Result "1-0"]
[WhiteElo "2375"]
[BlackElo "2528"]

1.e4 c5 2.Nf3 Nc6 3.Nc3 d6 4.d4 cxd4 5.Nxd4 Nf6 6.f3 e6 7.Be3 Be7 8.Qd2 O-O
9.g4 d5 10.g5 Nh5 11.exd5 Nxd4 12.Qxd4 Bxg5 13.O-O-O exd5 14.Rg1 Bxe3+ 15.Qxe3 Be6
16.Qh6  1-0

[Event "ECh-u20 Girls"]
[Site "Aviles ESP"]
[Date "2000.08.19"]
[Round "4"]
[White "Khukhashvili,S"]
[Black "Reizniece,D"]
[Result "1-0"]
[WhiteElo "2272"]
[BlackElo "2275"]

1.e4 c5 2.Nf3 Nc6 3.Nc3 d6 4.d4 cxd4 5.Nxd4 e5 6.Nb3 Nf6 7.Be2 Be6 8.O-O Be7
9.Kh1 O-O 10.f4 exf4 11.Bxf4 d5 12.exd5 Nxd5 13.Nxd5 Qxd5 14.Qe1 Qe4 15.c3 Rad8
16.Nd2 Qc2 17.Nc4 Rfe8 18.Ne3 Qg6 19.b3 Bf6 20.Rc1 Ne5 21.Qg3 Qxg3 22.Bxg3 Rd2
23.Bb5 Rc8 24.Bxe5 Bxe5 25.Nc4 Rd5 26.Nxe5 Rxb5 27.Nd3 Ra5 28.Rf2 Rd5 29.Nb2 Kf8
30.Kg1 Rcd8 31.h3 Ke7 32.Kf1 Ra5 33.Nd1 Bf5 34.Ne3 Bd3+ 35.Kg1 f5 36.Re1 Kf7
37.Rd1 Re5 38.Nxf5 Kg6 39.Nh4+ Kh5 40.Nf3 Red5 41.Nd4 Bg6 42.Rfd2 Rf8 43.c4 Re5
44.Nf3 Re3 45.Nh2 Be4 46.Ng4 Rc3 47.Re1 Bc6 48.Re5+ g5 49.Rd6 Kh4 50.Ne3 Kg3
51.Rd4 Bxg2 52.Nxg2 Kxh3 53.Rde4 h6 54.Re6 h5 55.R6e5 Rcf3 56.Re1 Rg3 57.R1e3 Rxe3
58.Nxe3 Rg8 59.Re7 g4 60.Rh7 Rg5 61.Rxb7 Re5 62.Nd5 Re1+ 63.Kf2 Ra1 64.Nf4+ Kh2
65.Rh7 Rxa2+ 66.Ke3 Ra3 67.Rxh5+ Kg3 68.Ne2+ Kg2 69.Rb5 a5 70.Nd4 g3 71.c5 Kf1
72.c6 g2 73.Rf5+ Ke1 74.Rg5 a4 75.Nc2+  1-0

[Event "ch-ESP"]
[Site "Barcelona ESP"]
[Date "2000.08.19"]
[Round "2"]
[White "De la Riva Aguado,O"]
[Black "Castany Pampalona,L"]
[Result "1-0"]
[WhiteElo "2462"]
[BlackElo "2220"]

1.e4 c5 2.Nf3 Nc6 3.Nc3 Nf6 4.Bb5 a6 5.Bxc6 dxc6 6.h3 g6 7.d3 Bg7 8.Be3 Qa5
9.O-O O-O 10.Nd2 Nd7 11.Nb3 Qb6 12.Na4 Qc7 13.Nbxc5 b5 14.Nc3 Qd6 15.Nxd7 Bxd7
16.d4 Qb4 17.Qd2 Rfd8 18.a3 Qa5 19.Bh6 Bxh6 20.Qxh6 Be6 21.Rfd1 b4 22.axb4 Qxb4
23.Qd2 Rd7 24.Na4 Qb5 25.Nc5 Rd6 26.b3 Rad8 27.Qc3 Bc8 28.Rd3 f6 29.b4 Kg7
30.f4 f5 31.e5 Rd5 32.Ra5 Qb6 33.Qd2 Re8 34.c4 Rdd8 35.d5 cxd5 36.cxd5 Bb7
37.Kh2 Kf7 38.Nd7 Rxd7 39.e6+ Kg8 40.exd7 Rd8 41.d6 Rxd7 42.dxe7 Rxe7 43.Rd8+ Kf7
44.Re5 Qc6 45.Qa2+  1-0

[Event "ch-ESP"]
[Site "Barcelona ESP"]
[Date "2000.08.19"]
[Round "2"]
[White "Armengol Comas,J"]
[Black "Estremera Panos,S"]
[Result "0-1"]
[WhiteElo "2160"]
[BlackElo "2364"]

1.e4 c5 2.Nc3 Nc6 3.Nge2 d6 4.d4 cxd4 5.Nxd4 Nf6 6.Be2 e5 7.Nb3 Be7 8.O-O O-O
9.Kh1 a5 10.a4 Nb4 11.f4 Bd7 12.Bf3 Bc6 13.Be3 Qc7 14.Rf2 b6 15.Rd2 Qb7 16.fxe5 dxe5
17.Qg1 Nxe4 18.Nxe4 Bxe4 19.Bxe4 Qxe4 20.Bxb6 Nxc2 21.Rc1 Qb4 22.Rdxc2 Qxb3
23.Qe3 Qxe3 24.Bxe3 Bb4 25.Bc5 Bxc5 26.Rxc5 f6 27.h3 Ra7 28.Rb5 Rd8 29.Rcc5 Rd2
30.b3 Rb2 31.Rxa5 Rxa5 32.Rxa5 Rxb3 33.Ra7 h6 34.Kg1 Rb2 35.g3 Kh7 36.Kf1 Kg6
37.a5 h5 38.g4 Rh2 39.a6 Rxh3 40.Rc7 Rf3+ 41.Ke2 Ra3  0-1

[Event "It"]
[Site "Presov SVK"]
[Date "2000.08.19"]
[Round "8"]
[White "Kovalev,A"]
[Black "Manik,M"]
[Result "1-0"]
[WhiteElo "2537"]
[BlackElo "2425"]

1.e4 c5 2.Nf3 Nc6 3.Nc3 g6 4.d4 cxd4 5.Nxd4 Bg7 6.Nb3 d6 7.Be2 Nf6 8.O-O O-O
9.Kh1 Be6 10.f4 Na5 11.Bd3 Rc8 12.f5 Bc4 13.Be3 a6 14.Qd2 Bxd3 15.Qxd3 Nc4
16.Bc1 e6 17.Nd2 Qc7 18.Nxc4 Qxc4 19.Bf4 d5 20.Bd6 Qxd3 21.cxd3 Rfe8 22.e5 Nd7
23.f6 Bf8 24.Bxf8 Kxf8 25.d4 Rc4 26.Rfd1 Rec8 27.Kg1 b5 28.Rac1 Nb6 29.Ne2 Ke8
30.Kf2 Kd7 31.Rxc4 Nxc4 32.b3 Na3 33.Rd3 Rc2 34.Rh3 h5 35.g4 Rxa2 36.gxh5 gxh5
37.Rxh5 Nc2 38.Ng3 Rb2 39.Rh7 Rxb3 40.Nf1 Ke8 41.Rh8+ Kd7 42.Rf8 Rh3 43.Rxf7+ Kc6
44.Re7 Rxh2+ 45.Kg3 Nxd4  1-0

[Event "XVIII Rapidplay Open"]
[Site "Villarrobledo ESP"]
[Date "2000.08.19"]
[Round "2"]
[White "Hernandez,Gi"]
[Black "Pinheiro,J"]
[Result "1/2-1/2"]
[WhiteElo "2572"]
[BlackElo "2288"]

1.e4 c5 2.Nc3 Nc6 3.Nf3 g6 4.d4 cxd4 5.Nxd4 Bg7 6.Be3 Nf6 7.Bc4 O-O 8.Bb3 Qa5
9.O-O d6 10.h3 Bd7 11.Re1 Nxd4 12.Bxd4 Bc6 13.Nd5 Bxd5 14.exd5 Rfe8 15.Re2 a6
16.c3 Rac8 17.Qd2 Nd7 18.Bxg7 Kxg7 19.Rae1 Qd8 20.Qd4+ Kg8 21.g3 Nc5 22.Bc2 Rc7
23.h4 b5 24.h5 e5 25.dxe6 Nxe6 26.hxg6 hxg6 27.Bxg6 Nxd4 28.Rxe8+ Qxe8 29.Rxe8+ Kg7
30.Be4 Ne6 31.Bd5 Kf6 32.Ra8 Nc5 33.b3 Ke5 34.c4 b4 35.f4+ Kd4 36.Kf2 f5
37.Re8 Rh7 38.Kg2 a5 39.Ra8 Nd3 40.Rxa5 Ne1+ 41.Kg1 Ke3 42.Ra8 Nf3+ 43.Bxf3 Kxf3
44.Rf8 Rh3 45.Rxf5 Rxg3+ 46.Kf1 Rg2 47.Rb5 Rxa2 48.Ke1 Kxf4 49.Rxb4 Ke3 50.Kf1 Kd3
51.Rb6 Kc3 52.Rxd6 Kxb3 53.c5 Rc2 54.c6 Kb4  1/2-1/2

[Event "ECh-u20"]
[Site "Aviles ESP"]
[Date "2000.08.20"]
[Round "5"]
[White "Hunt,A"]
[Black "Moiseenko,A"]
[Result "1/2-1/2"]
[WhiteElo "2392"]
[BlackElo "2582"]

1.e4 c5 2.Nc3 Nc6 3.Nge2 Nd4 4.Nxd4 cxd4 5.Ne2 e5 6.c3 dxc3 7.Nxc3 Nf6 8.Bc4 Bc5
9.O-O d6 10.d3 h6 11.Be3 Bxe3 12.fxe3 O-O 13.Qb3 Qe7 14.Nd5 Nxd5 15.Bxd5 Be6
16.Bxe6 fxe6 17.d4 Kh7 18.d5 exd5 19.exd5 Qg5 20.Qd3+ Kg8 21.Qe4 Rac8 22.Rxf8+ Rxf8
23.Rf1 Rxf1+ 24.Kxf1 Qh5 25.Qf3 Qg6 26.e4 Qg5 27.Qe2 Qf4+ 28.Kg1 Qc1+ 29.Kf2 a6
30.g3 Qh1 31.Qg4 Qxh2+ 32.Kf3 Qh1+ 33.Kf2 Qc1 34.Qe6+ Kh7 35.Qf5+ Kg8 36.Qe6+ Kh8
37.Qxd6 Qd2+ 38.Kf1 Qd3+ 39.Kf2 Qc2+ 40.Kg1 Qd1+ 41.Kh2 Qe2+ 42.Kg1 Qe3+
43.Kh2 Qe2+ 44.Kg1 Qxe4 45.Qf8+ Kh7 46.d6 Qe1+ 47.Kh2 Qe2+ 48.Kg1 Qe1+ 49.Kh2 Qe2+
50.Kg1  1/2-1/2

[Event "It"]
[Site "Presov SVK"]
[Date "2000.08.20"]
[Round "9"]
[White "Macieja,B"]
[Black "Krush,I"]
[Result "1-0"]
[WhiteElo "2536"]
[BlackElo "2354"]

1.e4 c5 2.Nc3 Nc6 3.Nf3 d6 4.d4 cxd4 5.Nxd4 Nf6 6.Bc4 Qb6 7.Ndb5 Bg4 8.Nd5 Nxd5
9.Qxg4 Ndb4 10.Qe2 Ne5 11.Bb3 Nbd3+ 12.cxd3 Qxb5 13.d4 Qb4+ 14.Qd2 Nd3+ 15.Kf1 Qb5
16.Qe2 a6 17.Bd2 Nxb2 18.Rb1 Na4 19.Bxf7+ Kxf7 20.Rxb5 axb5 21.Qxb5 e6 22.Ke2 Be7
23.Rc1 Rhe8 24.Rc4 Nc3+ 25.Rxc3 Rxa2 26.Qd7  1-0

[Event "XVIII Rapidplay Open"]
[Site "Villarrobledo ESP"]
[Date "2000.08.20"]
[Round "6"]
[White "Hernandez,Gi"]
[Black "Ricardi,P"]
[Result "0-1"]
[WhiteElo "2572"]
[BlackElo "2488"]

1.e4 c5 2.Nc3 Nc6 3.Nf3 g6 4.d4 cxd4 5.Nxd4 Bg7 6.Be3 Nf6 7.Bc4 O-O 8.Bb3 d6
9.h3 Bd7 10.O-O Nxd4 11.Bxd4 Bc6 12.Qd3 a6 13.Rfe1 Rc8 14.Rad1 Nd7 15.Bxg7 Kxg7
16.Qd4+ Kg8 17.Nd5 Nc5 18.c3 Re8 19.Re3 Qa5 20.h4 Nxb3 21.axb3 Qc5 22.Qd2 Bxd5
23.exd5 h5 24.Re4 Qb5 25.g4 hxg4 26.h5 e5 27.Qh6 Qd7 28.hxg6 f5 29.Rb4 b5
30.Ra1 Ra8 31.c4 Qg7 32.Qg5 e4 33.Qxf5 g3 34.Qf7+ Qxf7 35.gxf7+ Kxf7 36.fxg3 bxc4
37.bxc4 Kf6 38.Rb6 Ke5 39.Raxa6 Rxa6 40.Rxa6 Rb8 41.g4 Rxb2 42.g5 e3 43.Kf1 Rf2+
44.Ke1 Rg2 45.c5 dxc5 46.Re6+ Kd4 47.d6 Kd3 48.Kf1 Rxg5 49.d7 Rd5 50.Re5 Rxd7
51.Rxc5 Kd2 52.Re5 Rf7+ 53.Kg2 e2 54.Rd5+ Ke3 55.Re5+ Kd3 56.Re6 Rf4 57.Rd6+ Ke3
58.Re6+ Kd2 59.Rd6+ Ke1 60.Kg3 Rf7 61.Kg2 Rg7+ 62.Kh2 Rg5 63.Rd7 Kf2 64.Rf7+ Ke3
65.Re7+ Kf3 66.Rf7+ Ke4  0-1

[Event "ch-ESP"]
[Site "Barcelona ESP"]
[Date "2000.08.22"]
[Round "5"]
[White "Moreno,J"]
[Black "De la Riva Aguado,O"]
[Result "1-0"]
[WhiteElo "2515"]
[BlackElo "2462"]

1.e4 c5 2.Nf3 Nc6 3.Nc3 g6 4.d4 cxd4 5.Nxd4 Bg7 6.Be3 Nf6 7.Bc4 Qa5 8.O-O O-O
9.Nb3 Qc7 10.Bg5 Na5 11.Be2 Nxb3 12.axb3 b6 13.f4 Bb7 14.e5 Nd5 15.Nxd5 Qc5+
16.Rf2 f6 17.c4 Bxd5 18.b4 Qc7 19.exf6  1-0

[Event "ch-ESP"]
[Site "Barcelona ESP"]
[Date "2000.08.22"]
[Round "5"]
[White "Perpinya Rofes,L"]
[Black "Baron Rodriguez,Jo"]
[Result "0-1"]
[WhiteElo "2342"]
[BlackElo "2250"]

1.e4 c5 2.Nc3 Nc6 3.Nge2 d6 4.d4 cxd4 5.Nxd4 Nf6 6.Bc4 Qb6 7.Nxc6 bxc6 8.O-O g6
9.e5 dxe5 10.Qe2 Qd4 11.Be3 Qd6 12.Rad1 Qc7 13.f4 e4 14.h3 Bg7 15.Bd4 O-O
16.Nxe4 Nxe4 17.Qxe4 Bf5 18.Qe2 Rad8 19.Bc5 Rxd1 20.Rxd1 Qxf4 21.Rf1 Qc7
22.Qe3 a5 23.c3 Qd7 24.Qxe7 Qxe7 25.Bxe7 Re8 26.Bc5 Re4 27.Ba6 Be6 28.Rd1 Bf6
29.Bd3 Ra4 30.a3 Kg7 31.Bc2 Rc4 32.Bb6 a4 33.Bd3 Rh4 34.Be2 Rf4 35.Bf3 Rc4
36.g3 Bxh3 37.Be2 Re4 38.Bf3 Rc4 39.Kh2 Bg4 40.Rd3 Bxf3 41.Rxf3 h5 42.Re3 h4
43.gxh4 Rxh4+ 44.Kg3 Rh5 45.Re4 Rb5 46.Bd4 Rxb2 47.Bxf6+ Kxf6 48.Rxa4 Rb3
49.Rc4 Rxa3 50.Rxc6+ Kg5 51.Kf3 f5 52.Rc8 Ra4 53.Rc7 Rh4 54.c4 Rh3+ 55.Kg2 Rc3
56.Rc6 Kh5 57.Kf2 f4  0-1